| 000 | 00746nam a2200229 i 4500 | ||
|---|---|---|---|
| 001 | bg | ||
| 100 | 1 | _aGUTKOWSKI, Bogdan | |
| 245 | 1 | 0 |
_aAktualne przepisy w ochronie środowiska : _bsuplement 1 / _c[Bogdan Gutkowski] ; Agencja Ochrony Środowiska w Koszalinie. |
| 250 | _aStan prawny na dzień 1.01.2002 r. | ||
| 260 |
_aKoszalin : _bAOŚ, _c2002. |
||
| 300 |
_a113 s. ; _c30 cm. |
||
| 500 | _aVerso kart nie zadrukowane. | ||
| 650 | 9 |
_aŚrodowisko człowieka _xochrona _xprawo _zPolska _ystan na 2002 r. |
|
| 710 | 0 | _aAgencja Ochrony Środowiska (Koszalin) | |
| 020 | _a8391534537 | ||
| 040 | _cBPK | ||
| 041 | 0 | _apl | |
| 080 | _a504:349.6](438) | ||
| 920 | _a83-915345-3-7 | ||
| 942 | _cKS | ||
| 008 | s pl f |000 0 pol | ||
| 999 |
_c40478 _d40478 |
||
| 856 |
_uhttp://koha.tu.koszalin.pl/cgi-bin/koha/opac-detail.pl?biblionumber=40478 _yKatalog online BPK |
||